000 01386nam a2200241Ia 4500
003 Ost
005 20260507075313.0
008 260507s9999||||xx |||||||||||||| ||und||
020 _a95162539779
040 _cfsecg
041 _aara
082 _a347.62090285
100 _aأحمد، وائل حمدي
_eمؤلف
245 0 _aالتقاضي الالكتروني في العقود الالكترونية /
_c وائل حمدي أحمد
260 _aالمنصورة:
_bدار الفكر و القانون للنشر والتوزيع,
_c2010
300 _a226 صفحة؛
_bإيضاحات ؛
_c25 سم
504 _aملاحق ص.155
520 _aتطور شرط التحكيم الالكتروني و الاحكام التي تنكر هذا التحكيم اتفاق التحكيم الوارد في رسائل أو برقيات متبادلة ، الاحكام القضائية التي طبقت عبارة رسالة أو برقية ، مراكز التقاضي الالكتروني ، طبيعة التحكيم الالكتروني ، الاعتراف بأحكام التحكيم الالكيروني و تنفيذها ، قانون الأونسترال النموذجي للتحكيم التجاري الدولي، قواعد الأيكان
653 _aالتحكيم
653 _aالتحكيم الإلكتروني
653 _aالعقود
942 _cكتاب
999 _c43879
_d43879